New perspectives on Microsoft Office XP (Record no. 41803)

MARC details
000 -LEADER
fixed length control field 00441nam a2200181Ia 4500
020 ## - INTERNATIONAL STANDARD BOOK NUMBER
ISBN 0619185945
050 ## - CALL MARK
Classification number HF 5548.4 .M525 N49/
100 ## - STATEMENT OF RESPONSIBILITY--MAIN AUTHOR NAME
Personal name Parsons, June Jamrich.
245 #0 - TITLE STATEMENT
Title New perspectives on Microsoft Office XP
250 ## - EDITION / VOLUME STATEMENT
Edition / Volume statement XP ed.
260 ## - PUBLICATION, DISTRIBUTION, ETC. (IMPRINT)
Place of publication Boston
260 ## - PUBLICATION, DISTRIBUTION, ETC. (IMPRINT)
Name of publisher Course Technology
260 ## - PUBLICATION, DISTRIBUTION, ETC. (IMPRINT)
Year of publication c2003.
650 ## - SUBJECT ADDED ENTRY--TOPICAL TERM
Topical Term Boston
942 ## - ADDED ENTRY ELEMENTS (KOHA)
Koha item type Books
Holdings
Withdrawn status Lost status Source of classification or shelving scheme Damaged status Not for loan Permanent Location Current Location Shelving location Date acquired Accession Number Price effective from Koha item type
    Library of Congress Classification     NILE UNIVERSITY OF NIGERIA - MAIN LIBRARY NILE UNIVERSITY OF NIGERIA - MAIN LIBRARY Items on shelf 06/03/2025 0011777 06/03/2025 Books